000 00453cam a2200181ua 4500
001 3787
008 111206n ii |||gr||||Z||||||asm
040 _cMAIN
082 _a891.4514
100 _aGogoi, Lila,
245 1 1 _aSahitya sanskritir buranji
_cby Lila Gogoi
250 _a1st.
260 _aGuwahati:
_bK. M. Prakashan,991-92.
300 _a139p:
_c23cm.
653 _aAssamese literature
653 _aSahitya sanskritir buranji
942 _cBK
999 _c3613
_d3613